[Event "HUN-chT2 Breyer 1617"]
[Site "Hungary"]
[Date "2016.11.13"]
[Round "2.6"]
[White "Sallai, Kalman"]
[Black "Rummel, Zsolt"]
[Result "1-0"]
[WhiteElo "2102"]
[BlackElo "2045"]
[PlyCount "37"]
[EventDate "2016.10.30"]
[EventType "team-tourn"]
[EventRounds "9"]
[EventCountry "HUN"]
[SourceTitle "EXT 2021"]
[Source "ChessBase"]
[SourceDate "2020.10.23"]
[SourceVersion "1"]
[SourceVersionDate "2020.10.23"]
[SourceQuality "1"]
[WhiteTeam "Torokbalint"]
[BlackTeam "Zsambek"]
[WhiteTeamCountry "HUN"]
[BlackTeamCountry "HUN"]

1. e4 c6 2. d4 d5 3. Nd2 dxe4 4. Nxe4 Nd7 5. Nf3 Ngf6 6. Ng3 Qc7 7. Bd3 e6 8. Qe2 Be7 9. 0-0 0-0 10. Re1 Re8 11. Ne5 Bd6 12. Bg5 b6 13. Nh5 Bxe5 14. dxe5 Nxh5 15. Qxh5 h6 16. Bxh6 gxh6 17. Qxh6 Nf8 18. Re3 Re7 19. Rg3+ 1-0

[Event "HUN-chT2 Breyer 1617"]
[Site "Hungary"]
[Date "2016.10.30"]
[Round "1.6"]
[White "Rummel, Zsolt"]
[Black "Czumbel, Peter"]
[Result "0-1"]
[WhiteElo "2045"]
[BlackElo "1945"]
[PlyCount "71"]
[EventDate "2016.10.30"]
[EventType "team-tourn"]
[EventRounds "9"]
[EventCountry "HUN"]
[SourceTitle "EXT 2021"]
[Source "ChessBase"]
[SourceDate "2020.10.23"]
[SourceVersion "1"]
[SourceVersionDate "2020.10.23"]
[SourceQuality "1"]
[WhiteTeam "Zsambek"]
[BlackTeam "Budapest MTK II"]
[WhiteTeamCountry "HUN"]
[BlackTeamCountry "HUN"]

1. e4 d6 2. d4 Nf6 3. Nc3 e5 4. dxe5 dxe5 5. Qxd8+ Kxd8 6. Bg5 c6 7. 0-0-0+ Nbd7 8. f4 Be7 9. Be2 h6 10. Bh4 exf4 11. e5 Ne8 12. Bf2 Kc7 13. Nf3 g5 14. h3 Ng7 15. g4 Nb6 16. Nd4 Be6 17. Bf3 Rad8 18. a4 Bb4 19. h4 Bxc3 20. bxc3 Nxa4 21. Be1 Nb6 22. Bf2 Bd5 23. Nb5+ cxb5 24. Bxb6+ Kxb6 25. Bxd5 Ne6 26. Bxe6 fxe6 27. Rxd8 Rxd8 28. hxg5 hxg5 29. Rh6 Kc5 30. Rxe6 Kd5 31. Re7 Rf8 32. Kd2 Ke4 33. e6 Kf3 34. Ke1 Kg2 35. Rf7 Re8 36. e7 0-1

[Event "HUN-chT2 Breyer 1516"]
[Site "Hungary"]
[Date "2015.11.29"]
[Round "5.5"]
[White "Toth, Gyula"]
[Black "Rummel, Zsolt"]
[Result "1/2-1/2"]
[WhiteElo "2006"]
[BlackElo "2045"]
[PlyCount "30"]
[EventDate "2015.09.13"]
[EventType "team-tourn"]
[EventRounds "11"]
[EventCountry "HUN"]
[SourceTitle "CBM 170 Extra"]
[Source "ChessBase"]
[SourceDate "2016.02.25"]
[SourceVersion "1"]
[SourceVersionDate "2016.02.25"]
[SourceQuality "1"]
[WhiteTeam "Nyergesujfalu"]
[BlackTeam "Zsambek"]
[WhiteTeamCountry "HUN"]
[BlackTeamCountry "HUN"]

1. e4 c5 2. Nf3 e6 3. d4 cxd4 4. Nxd4 Nc6 5. Nb5 d6 6. Be2 a6 7. N5c3 Nf6 8. Be3 b5 9. a3 Be7 10. 0-0 Qc7 11. f4 Bb7 12. Bf3 0-0 13. Qe2 Na5 14. Nd2 Rac8 15. Rfd1 d5 1/2-1/2

[Event "HUN-chT2 Breyer 1516"]
[Site "Hungary"]
[Date "2015.10.04"]
[Round "2.6"]
[White "Palla, Akos Botond"]
[Black "Rummel, Zsolt"]
[Result "1-0"]
[WhiteElo "2025"]
[BlackElo "2045"]
[PlyCount "65"]
[EventDate "2015.09.13"]
[EventType "team-tourn"]
[EventRounds "11"]
[EventCountry "HUN"]
[SourceTitle "CBM 170 Extra"]
[Source "ChessBase"]
[SourceDate "2016.02.25"]
[SourceVersion "1"]
[SourceVersionDate "2016.02.25"]
[SourceQuality "1"]
[WhiteTeam "Sarkany DSE"]
[BlackTeam "Zsambek"]
[WhiteTeamCountry "HUN"]
[BlackTeamCountry "HUN"]

1. e4 c5 2. Nf3 d6 3. d4 cxd4 4. Nxd4 Nf6 5. Nc3 a6 6. Bg5 e6 7. f4 b5 8. e5 dxe5 9. fxe5 Qc7 10. exf6 Qe5+ 11. Be2 Qxg5 12. 0-0 Ra7 13. Qd3 Rd7 14. Ne4 Qe5 15. c3 Bb7 16. Bf3 Nc6 17. Rad1 Nxd4 18. cxd4 Qb8 19. Qe3 Qd8 20. fxg7 Bxg7 21. Nc5 Bxf3 22. Qxf3 0-0 23. Nxd7 Qxd7 24. Qg4 Rd8 25. Kh1 Kh8 26. Qh4 Kg8 27. Rf3 f5 28. Rg3 Kh8 29. Rh3 Be5 30. Re1 Bxd4 31. Rxe6 Rc8 32. Re1 Qf7 33. Qxd4+ 1-0

[Event "HUN-chT2 Breyer 1516"]
[Site "Hungary"]
[Date "2015.09.13"]
[Round "1.6"]
[White "Rummel, Zsolt"]
[Black "Rosta, Sandor"]
[Result "1/2-1/2"]
[WhiteElo "2045"]
[BlackElo "2041"]
[PlyCount "41"]
[EventDate "2015.09.13"]
[EventType "team-tourn"]
[EventRounds "11"]
[EventCountry "HUN"]
[SourceTitle "CBM 170 Extra"]
[Source "ChessBase"]
[SourceDate "2016.02.25"]
[SourceVersion "1"]
[SourceVersionDate "2016.02.25"]
[SourceQuality "1"]
[WhiteTeam "Zsambek"]
[BlackTeam "Szazhalombatta"]
[WhiteTeamCountry "HUN"]
[BlackTeamCountry "HUN"]

1. e4 e6 2. d4 d5 3. Nc3 Nf6 4. Bg5 Bb4 5. e5 h6 6. Bd2 Bxc3 7. bxc3 Ne4 8. Bd3 Nxd2 9. Qxd2 Qg5 10. f4 Qe7 11. Nf3 c5 12. dxc5 Qxc5 13. Rb1 a6 14. a4 Nc6 15. Nd4 0-0 16. Be2 b6 17. Nf3 Qe7 18. Nd4 Qc5 19. Nb3 Qe7 20. Nd4 Qc5 21. Nb3 1/2-1/2

[Event "HUN-chT2 Breyer 1415"]
[Site "Hungary"]
[Date "2015.03.22"]
[Round "?"]
[White "Csuta, Akos Koppany"]
[Black "Rummel, Zsolt"]
[Result "1/2-1/2"]
[WhiteElo "2042"]
[BlackElo "2095"]
[PlyCount "28"]
[EventDate "2014.09.07"]
[EventType "team-tourn"]
[EventRounds "11"]
[EventCountry "HUN"]
[SourceTitle "EXT 2016"]
[Source "ChessBase"]
[SourceDate "2015.10.08"]
[SourceVersion "1"]
[SourceVersionDate "2015.10.08"]
[SourceQuality "1"]
[WhiteTeam "Gyor UDSE"]
[BlackTeam "Zsambek"]
[WhiteTeamCountry "HUN"]
[BlackTeamCountry "HUN"]

1. e4 c5 2. Nf3 d6 3. c3 Nf6 4. Bd3 e5 5. 0-0 Be7 6. Bc2 0-0 7. d3 Nc6 8. Nbd2 Be6 9. Re1 b5 10. Nf1 Qc7 11. Be3 d5 12. exd5 Nxd5 13. Qe2 Nxe3 14. Qxe3 Bd6 1/2-1/2

[Event "HUN-chT2 Breyer 1415"]
[Site "Hungary"]
[Date "2015.02.08"]
[Round "?"]
[White "Gelle, Istvan"]
[Black "Rummel, Zsolt"]
[Result "1-0"]
[WhiteElo "2237"]
[BlackElo "2095"]
[PlyCount "51"]
[EventDate "2014.09.07"]
[EventType "team-tourn"]
[EventRounds "11"]
[EventCountry "HUN"]
[SourceTitle "EXT 2016"]
[Source "ChessBase"]
[SourceDate "2015.10.08"]
[SourceVersion "1"]
[SourceVersionDate "2015.10.08"]
[SourceQuality "1"]
[WhiteTeam "Hobagoly"]
[BlackTeam "Zsambek"]
[WhiteTeamCountry "HUN"]
[BlackTeamCountry "HUN"]

1. d4 Nf6 2. Bf4 c5 3. e3 g6 4. c3 Bg7 5. h3 0-0 6. Nf3 d6 7. Nbd2 Nc6 8. Be2 cxd4 9. exd4 e5 10. dxe5 dxe5 11. Nxe5 Nxe5 12. Bxe5 Qb6 13. Bd4 Qxb2 14. Nc4 Qb5 15. Nb6 Qg5 16. Nxa8 Qxg2 17. Bf3 Re8+ 18. Be3 Qg5 19. Kf1 Rxe3 20. fxe3 Qxe3 21. Qd8+ Ne8 22. Kg2 Bf6 23. Qxc8 Qd2+ 24. Kf1 Qe3 25. Qg4 Bxc3 26. Qe4 1-0

[Event "HUN-chT2 Breyer 1314"]
[Site "Hungary"]
[Date "2014.03.02"]
[Round "6"]
[White "Horeczky, Tibor"]
[Black "Rummel, Zsolt"]
[Result "1-0"]
[WhiteElo "2188"]
[BlackElo "2134"]
[PlyCount "77"]
[EventDate "2013.09.08"]
[EventType "team-tourn"]
[EventRounds "9"]
[EventCountry "HUN"]
[SourceTitle "EXT 2016"]
[Source "ChessBase"]
[SourceDate "2015.10.08"]
[SourceVersion "1"]
[SourceVersionDate "2015.10.08"]
[SourceQuality "1"]
[WhiteTeam "Szazhalombatta"]
[BlackTeam "Zsambek"]
[WhiteTeamCountry "HUN"]
[BlackTeamCountry "HUN"]

1. e4 c5 2. Nc3 Nc6 3. Nge2 g6 4. d4 cxd4 5. Nxd4 Bg7 6. Be3 d6 7. Qd2 Nf6 8. f3 0-0 9. Bc4 Bd7 10. h4 Rc8 11. Bb3 h5 12. 0-0-0 Ne5 13. Bg5 Qa5 14. Kb1 Rc5 15. g4 Rfc8 16. gxh5 Rxc3 17. bxc3 Nxf3 18. Qf4 Nxd4 19. cxd4 Be6 20. hxg6 Bxb3 21. axb3 Qc3 22. gxf7+ Kf8 23. Qc1 Nxe4 24. Rd3 Qxd3 25. cxd3 Rxc1+ 26. Kxc1 Nxg5 27. hxg5 Kxf7 28. d5 Kg6 29. Re1 Be5 30. Kc2 Kxg5 31. d4 Bf6 32. Kd3 Kg6 33. Rc1 Bh4 34. Rc7 Kf7 35. Rxb7 a5 36. Kc4 Be1 37. Kb5 Bc3 38. Rc7 Bb4 39. Ra7 1-0

[Event "Budapest Karacsonyi op 5th"]
[Site "Budapest"]
[Date "2013.12.30"]
[Round "6"]
[White "Szurkos, Andras"]
[Black "Rummel, Zsolt"]
[Result "1/2-1/2"]
[WhiteElo "1740"]
[BlackElo "2127"]
[PlyCount "95"]
[EventDate "2013.12.27"]
[EventType "swiss"]
[EventRounds "7"]
[EventCountry "HUN"]
[SourceTitle "CBM 158 Extra"]
[Source "ChessBase"]
[SourceDate "2014.02.28"]
[SourceVersion "1"]
[SourceVersionDate "2014.02.28"]
[SourceQuality "1"]

1. c4 f5 2. d4 Nf6 3. Bg5 g6 4. Bxf6 exf6 5. e3 Bg7 6. h4 d6 7. Nc3 Nc6 8. h5 Ne7 9. Be2 c6 10. a3 Be6 11. d5 Bf7 12. h6 Bf8 13. Qb3 Qc7 14. Nf3 Ng8 15. e4 Nxh6 16. Nd4 fxe4 17. Nxe4 Bg7 18. Nxf6+ Bxf6 19. Qe3+ Qe7 20. Rxh6 Qxe3 21. fxe3 cxd5 22. Nb5 0-0 23. Nxd6 Be6 24. cxd5 Bxd5 25. e4 Bb3 26. Rh3 Be6 27. Rd3 b6 28. 0-0-0 Be5 29. Bf3 Rab8 30. Kb1 b5 31. Rc1 Rb6 32. Rcd1 Rd8 33. Nc4 Rxd3 34. Nxe5 Rxd1+ 35. Bxd1 Kg7 36. Kc2 Kf6 37. Nd3 Kg5 38. Kd2 Rd6 39. Ke3 Bc4 40. Nf2 Kh4 41. e5 Rd8 42. Bf3 Kg5 43. g4 h5 44. Ne4+ Kh6 45. g5+ Kg7 46. Nd6 Kf8 47. Be4 Kg7 48. Bc6 1/2-1/2

[Event "Budapest Karacsonyi op 5th"]
[Site "Budapest"]
[Date "2013.12.29"]
[Round "5"]
[White "Rummel, Zsolt"]
[Black "Koltai, Daniel"]
[Result "1-0"]
[WhiteElo "2127"]
[BlackElo "1616"]
[PlyCount "83"]
[EventDate "2013.12.27"]
[EventType "swiss"]
[EventRounds "7"]
[EventCountry "HUN"]
[SourceTitle "CBM 158 Extra"]
[Source "ChessBase"]
[SourceDate "2014.02.28"]
[SourceVersion "1"]
[SourceVersionDate "2014.02.28"]
[SourceQuality "1"]

1. e4 c5 2. Nf3 d6 3. d4 cxd4 4. Nxd4 Nf6 5. Nc3 g6 6. Be3 Bg7 7. f3 0-0 8. Qd2 Nc6 9. 0-0-0 d5 10. exd5 Nxd5 11. Nxc6 bxc6 12. Bd4 Nxc3 13. Qxc3 Bxd4 14. Qxd4 Be6 15. Qc3 Qb6 16. Bc4 Bxc4 17. Qxc4 Rab8 18. Qc3 Rb7 19. Rd2 Rfb8 20. b3 a5 21. a4 c5 22. Rhd1 Rc8 23. Rd7 Rxd7 24. Rxd7 Qe6 25. Qd2 Qf6 26. Rd8+ Rxd8 27. Qxd8+ Kg7 28. Qxa5 Qa1+ 29. Kd2 Qd4+ 30. Ke2 Qg1 31. Qc3+ Kg8 32. a5 Qxg2+ 33. Kd1 Qg1+ 34. Kd2 Qxh2+ 35. Kc1 Qd6 36. Qd3 Qc7 37. a6 Qa5 38. Qc4 h5 39. Kb2 h4 40. Qa4 Qe1 41. a7 Qe5+ 42. Ka2 1-0

[Event "Budapest Karacsonyi op 5th"]
[Site "Budapest"]
[Date "2013.12.28"]
[Round "2"]
[White "Palczert, Miklos"]
[Black "Rummel, Zsolt"]
[Result "0-1"]
[WhiteElo "1769"]
[BlackElo "2127"]
[PlyCount "100"]
[EventDate "2013.12.27"]
[EventType "swiss"]
[EventRounds "7"]
[EventCountry "HUN"]
[SourceTitle "CBM 158 Extra"]
[Source "ChessBase"]
[SourceDate "2014.02.28"]
[SourceVersion "1"]
[SourceVersionDate "2014.02.28"]
[SourceQuality "1"]

1. e4 c5 2. Nf3 d6 3. d4 cxd4 4. Nxd4 Nf6 5. Nc3 g6 6. Be3 Bg7 7. f3 Nc6 8. Qd2 Bd7 9. 0-0-0 0-0 10. h4 h5 11. g4 hxg4 12. h5 gxh5 13. Nd5 e6 14. Nxf6+ Qxf6 15. Rxh5 Nxd4 16. Bxd4 Qxd4 17. Qxd4 Bxd4 18. Rxd4 Rfd8 19. e5 dxe5 20. Rxg4+ Kf8 21. Rxe5 Bc6 22. Rf4 Ke7 23. Rg5 Rg8 24. Rxg8 Rxg8 25. Bd3 f5 26. b3 Rg2 27. Kd1 Kf6 28. Be2 Kg5 29. Rd4 e5 30. Rd8 Kf4 31. Rd3 Rg3 32. c4 Bxf3 33. Bxf3 Rxf3 34. Rd7 b6 35. Rxa7 Rd3+ 36. Ke2 Rd6 37. Rc7 Rh6 38. c5 Rh2+ 39. Kd3 e4+ 40. Kd4 Rd2+ 41. Kc3 Rxa2 42. b4 bxc5 43. bxc5 Ke3 44. c6 f4 45. Rf7 f3 46. Kb4 Rc2 47. Kb5 f2 48. Kb6 Ke2 49. Rf4 f1Q 50. Rxf1 Kxf1 0-1

[Event "Budapest Karacsonyi op 5th"]
[Site "Budapest"]
[Date "2013.12.27"]
[Round "1"]
[White "Rummel, Zsolt"]
[Black "Persanyi, Barnabas"]
[Result "1/2-1/2"]
[WhiteElo "2127"]
[BlackElo "1681"]
[PlyCount "118"]
[EventDate "2013.12.27"]
[EventType "swiss"]
[EventRounds "7"]
[EventCountry "HUN"]
[SourceTitle "CBM 158 Extra"]
[Source "ChessBase"]
[SourceDate "2014.02.28"]
[SourceVersion "1"]
[SourceVersionDate "2014.02.28"]
[SourceQuality "1"]

1. d4 Nf6 2. c4 c5 3. d5 b5 4. cxb5 a6 5. bxa6 Bxa6 6. g3 d6 7. Bg2 g6 8. Nf3 Bg7 9. 0-0 0-0 10. Re1 Nbd7 11. e4 Ng4 12. Nc3 Nge5 13. Bf1 Nc4 14. Qc2 Qa5 15. Bxc4 Bxc4 16. Bd2 Rfb8 17. b3 Ba6 18. Na4 Qc7 19. Bc3 Nf6 20. Nb2 Qd7 21. Nc4 Bxc4 22. bxc4 Ra3 23. Rab1 Rba8 24. e5 Rxa2 25. Rb2 Rxb2 26. Qxb2 Ng4 27. e6 Bxc3 28. exf7+ Kxf7 29. Qxc3 h6 30. h3 Nf6 31. Qe3 Rh8 32. Kg2 g5 33. Nd2 Re8 34. Ne4 Qf5 35. Nxf6 Qxf6 36. Qd3 Qg6 37. Qxg6+ Kxg6 38. Re6+ Kg7 39. Kf1 h5 40. Ke2 Kf7 41. Rh6 e6 42. Kd3 exd5 43. cxd5 Re5 44. Rxd6 Ke7 45. Rc6 Rxd5+ 46. Ke4 Rd2 47. Rxc5 Rxf2 48. Rxg5 h4 49. g4 Rh2 50. Re5+ Kf6 51. Rf5+ Kg6 52. Rf3 Kg5 53. Rd3 Rxh3 54. Rxh3 Kxg4 55. Rc3 h3 56. Rc8 Kg3 57. Ke3 Kg2 58. Ke2 h2 59. Rg8+ Kh1 1/2-1/2

[Event "HUN-chT2 Breyer 1314"]
[Site "Hungary"]
[Date "2013.09.22"]
[Round "2"]
[White "Finszter, Mate"]
[Black "Rummel, Zsolt"]
[Result "1-0"]
[WhiteElo "2142"]
[BlackElo "2134"]
[PlyCount "47"]
[EventDate "2013.09.08"]
[EventType "team-tourn"]
[EventRounds "9"]
[EventCountry "HUN"]
[SourceTitle "EXT 2016"]
[Source "ChessBase"]
[SourceDate "2015.10.08"]
[SourceVersion "1"]
[SourceVersionDate "2015.10.08"]
[SourceQuality "1"]
[WhiteTeam "Gyor Komszomol"]
[BlackTeam "Zsambek"]
[WhiteTeamCountry "HUN"]
[BlackTeamCountry "HUN"]

1. d4 c5 2. d5 Nf6 3. Nc3 g6 4. e4 d6 5. f4 Bg7 6. Bb5+ Bd7 7. e5 Nh5 8. Bxd7+ Nxd7 9. g4 dxe5 10. gxh5 Qa5 11. Nge2 e4 12. Be3 Nf6 13. Qd2 b6 14. Ng3 Ng4 15. Ngxe4 f5 16. Ng5 0-0-0 17. Rd1 e5 18. d6 Nxe3 19. d7+ Kb7 20. Qxe3 e4 21. Ne6 Bf6 22. Nxd8+ Rxd8 23. 0-0 Qb4 24. Ne2 1-0

[Event "Biatorbagy Gal Memorial 1st"]
[Site "Biatorbagy"]
[Date "2012.11.30"]
[Round "1"]
[White "Rummel, Zsolt"]
[Black "Felmery, Tamas"]
[Result "1-0"]
[WhiteElo "2110"]
[BlackElo "1768"]
[PlyCount "49"]
[EventDate "2012.11.30"]
[EventType "swiss"]
[EventRounds "7"]
[EventCountry "HUN"]
[SourceTitle "EXT 2014"]
[Source "ChessBase"]
[SourceDate "2013.11.20"]
[SourceVersion "1"]
[SourceVersionDate "2013.11.20"]
[SourceQuality "1"]

1. e4 c5 2. Nc3 e6 3. Bc4 Nc6 4. f4 d6 5. Nf3 a6 6. a4 Qc7 7. 0-0 Be7 8. d3 Nf6 9. Be3 Bd7 10. Kh1 Na5 11. Ba2 b5 12. axb5 axb5 13. f5 exf5 14. Ng5 0-0 15. exf5 h6 16. Nge4 Bc6 17. Nxf6+ Bxf6 18. Nd5 Qd8 19. Qg4 Kh7 20. c3 Bg5 21. f6 Bxd5 22. Bxg5 Rg8 23. Bxd5 gxf6 24. Qe4+ Rg6 25. Bxf7 1-0

[Event "Kisber op"]
[Site "Kisber"]
[Date "2011.07.22"]
[Round "2"]
[White "Aczel, Gergely"]
[Black "Rummel, Zsolt"]
[Result "1-0"]
[WhiteElo "2470"]
[BlackElo "2133"]
[PlyCount "82"]
[EventDate "2011.07.21"]
[EventType "swiss"]
[EventRounds "7"]
[EventCountry "HUN"]
[SourceTitle "EXT 2012"]
[Source "ChessBase"]
[SourceDate "2011.11.24"]
[SourceVersion "1"]
[SourceVersionDate "2011.11.24"]
[SourceQuality "1"]

1. d4 Nf6 2. c4 g6 3. Nc3 d6 4. e4 Bg7 5. f3 Na6 6. Bg5 c5 7. d5 Nc7 8. Qd2 Bd7 9. a4 b6 10. f4 0-0 11. Nf3 Nce8 12. Bd3 Rb8 13. 0-0 Kh8 14. h3 Ng8 15. Bh4 a6 16. e5 Qc8 17. Rfe1 Nc7 18. Ne4 Ne8 19. b3 Qc7 20. Kh1 Qc8 21. Kh2 Ra8 22. Ra2 Ra7 23. Neg5 dxe5 24. fxe5 e6 25. Ne4 Qb8 26. Bg3 Qa8 27. Nc3 Nc7 28. Be4 Qe8 29. d6 Na8 30. Qe3 Nh6 31. a5 Qb8 32. Na4 Bxa4 33. bxa4 Nf5 34. Bxf5 gxf5 35. Rb1 Rb7 36. Rab2 Rc8 37. axb6 a5 38. Qd2 Nxb6 39. Qxa5 Nxc4 40. Rxb7 Qxb7 41. Rxb7 Nxa5 1-0

[Event "HUN-chT2 Breyer 1011"]
[Site "Hungary"]
[Date "2011.05.01"]
[Round "10.2"]
[White "Gal, Lajos"]
[Black "Rummel, Zsolt"]
[Result "0-1"]
[WhiteElo "2091"]
[BlackElo "2128"]
[PlyCount "118"]
[EventDate "2010.09.12"]
[EventType "team-tourn"]
[EventRounds "11"]
[EventCountry "HUN"]
[SourceTitle "EXT 2012"]
[Source "ChessBase"]
[SourceDate "2011.11.24"]
[SourceVersion "1"]
[SourceVersionDate "2011.11.24"]
[SourceQuality "1"]
[WhiteTeam "Zoltek"]
[BlackTeam "Zsambek"]
[WhiteTeamCountry "HUN"]
[BlackTeamCountry "HUN"]

1. f4 d5 2. Nf3 g6 3. e3 Bg7 4. d4 Nf6 5. c4 0-0 6. Nc3 c5 7. dxc5 Qa5 8. Bd2 Qxc5 9. cxd5 Nxd5 10. Na4 Qd6 11. Bc4 Nb6 12. Nxb6 Qxb6 13. 0-0 Nc6 14. b3 Bf5 15. Rc1 Rad8 16. Qe2 Bb2 17. Rce1 Rd7 18. Kh1 Rfd8 19. e4 Bg4 20. Be3 Bd4 21. Bxf7+ Kxf7 22. Ng5+ Ke8 23. Bxd4 Bxe2 24. Bxb6 Bxf1 25. Bxd8 Ba6 26. Bxe7 Rxe7 27. Kg1 Nd4 28. Kf2 h6 29. Nf3 Nxf3 30. Kxf3 Rc7 31. h4 Rc3+ 32. Re3 Rxe3+ 33. Kxe3 h5 34. Kd4 Ke7 35. Ke5 Be2 36. a3 Bf1 37. g3 Bg2 38. b4 Kd7 39. a4 Bf3 40. Kd5 Bg4 41. Ke5 Ke7 42. Kd5 Bd1 43. a5 Ba4 44. Ke5 Bb3 45. Kd4 Kd6 46. Kc3 Be6 47. Kd4 Ba2 48. Ke3 Bb1 49. Kd4 Bc2 50. Ke3 Kc6 51. Kd4 Kb5 52. Ke5 Kxb4 53. f5 gxf5 54. exf5 Kxa5 55. Kf4 b5 56. g4 hxg4 57. Kxg4 Bxf5+ 58. Kxf5 b4 59. h5 b3 0-1

[Event "HUN-chT2 Breyer 1011"]
[Site "Hungary"]
[Date "2010.11.07"]
[Round "5.2"]
[White "Rummel, Zsolt"]
[Black "Mika, Janos"]
[Result "1/2-1/2"]
[WhiteElo "2128"]
[BlackElo "2140"]
[PlyCount "103"]
[EventDate "2010.09.12"]
[EventType "team-tourn"]
[EventRounds "11"]
[EventCountry "HUN"]
[SourceTitle "EXT 2012"]
[Source "ChessBase"]
[SourceDate "2011.11.24"]
[SourceVersion "1"]
[SourceVersionDate "2011.11.24"]
[SourceQuality "1"]
[WhiteTeam "Zsambek"]
[BlackTeam "Vizugy"]
[WhiteTeamCountry "HUN"]
[BlackTeamCountry "HUN"]

1. e4 c5 2. Nf3 d6 3. d4 Nf6 4. Nc3 cxd4 5. Nxd4 e6 6. g4 a6 7. g5 Nfd7 8. Be3 Be7 9. Rg1 b5 10. Qh5 Nc5 11. Bh3 g6 12. Qh4 b4 13. Nce2 Bb7 14. 0-0-0 Qa5 15. Kb1 Nbd7 16. Nb3 Qc7 17. Nxc5 Nxc5 18. Bd4 e5 19. Bxc5 Qxc5 20. Ng3 Qxf2 21. Qh6 Bf8 22. Qh4 Qf4 23. Qxf4 exf4 24. Ne2 f3 25. Nf4 f2 26. Rg2 Bg7 27. Rxf2 Be5 28. Nd3 0-0 29. Nxe5 dxe5 30. Rd7 Bxe4 31. Re7 Rae8 32. Rfxf7 Rxe7 33. Rxe7 Rf2 34. Rxe5 Bxc2+ 35. Kc1 Rxh2 36. Be6+ Kf8 37. Bc4 Bf5 38. Bxa6 Rc2+ 39. Kd1 Rxb2 40. Bc4 Rg2 41. Rb5 Rxg5 42. Rxb4 h5 43. Rb7 h4 44. Rf7+ Ke8 45. Rh7 h3 46. Ke1 Rg1+ 47. Kf2 Rg2+ 48. Ke3 g5 49. Rh6 g4 50. Bd5 g3 51. Kf4 Bd7 52. Rxh3 1/2-1/2

[Event "HUN-chT2 Breyer 1011"]
[Site "Hungary"]
[Date "2010.10.24"]
[Round "4.2"]
[White "Laszlo, Imre"]
[Black "Rummel, Zsolt"]
[Result "0-1"]
[WhiteElo "2179"]
[BlackElo "2128"]
[PlyCount "54"]
[EventDate "2010.09.12"]
[EventType "team-tourn"]
[EventRounds "11"]
[EventCountry "HUN"]
[SourceTitle "EXT 2012"]
[Source "ChessBase"]
[SourceDate "2011.11.24"]
[SourceVersion "1"]
[SourceVersionDate "2011.11.24"]
[SourceQuality "1"]
[WhiteTeam "Geniusz Tata"]
[BlackTeam "Zsambek"]
[WhiteTeamCountry "HUN"]
[BlackTeamCountry "HUN"]

1. e4 c5 2. Nf3 d6 3. d4 cxd4 4. Nxd4 Nf6 5. Nc3 a6 6. Bg5 e6 7. f4 b5 8. e5 dxe5 9. fxe5 Qc7 10. Qe2 Nfd7 11. 0-0-0 Nc6 12. Nd5 exd5 13. e6 Nf6 14. exf7+ Kxf7 15. Bxf6 gxf6 16. Qh5+ Kg7 17. Rd3 Bd6 18. Qxd5 Nxd4 19. Rxd4 Be5 20. Rd1 Bf5 21. Bd3 Rhd8 22. Qf3 Bxd3 23. Rxd3 Rxd3 24. Qxd3 Rd8 25. Qf3 Qd7 26. h4 Qd2+ 27. Kb1 Qd4 0-1